000 00659nam a2200229 a 4500
001 BRL_898
005 20190320210938.0
008 231013s1946----mx-a######---#000-0#spa-#
041 _aspaeng
044 _amx
050 4 _aF1391.T23
_b.T39 1946
245 1 0 _aTaxco
260 _aMéxico
_bEditorial Centauro
_c1946
300 _a21 p.
_bil., 52 láminas
_c17 cm.
440 0 _aMéxico, su arte y sus bellezas
_v3
_925267
500 _aAu1068
500 _aTexto en: español e inglés
650 1 4 _aArquitectura religiosa
_zTaxco de Alarcon (Guerrero)
_925268
651 4 _aTaxco de Alarcon (Guerrero)
_xHistoria
_925269
902 _aGRL
942 _2lcc
_cB
999 _c9710
_d9710